| 000 | 01243cam a2200265 4500 | ||
|---|---|---|---|
| 001 | J122308 | ||
| 008 | #DATE n1997 000 0 eng u | ||
| 035 | _a(Sirsi) u122309 | ||
| 041 | _aeng | ||
| 050 |
_a338.4569 _c18 |
||
| 110 |
_aConsultative Committee on Construction Industry Statistics _92658 |
||
| 245 | 4 |
_aThe state of the industry report _bNovember 1997 |
|
| 260 |
_aLondon _bDETR _c1997 |
||
| 490 |
_aCCCIS State of the Industry Report _v8 |
||
| 520 | _aTwice yearly publication providing statistics and commentary on the UK construction sector. The report looks building prices and costs, materials and products, infrastructure, consultants, housing, non-residential building and current issues facing the industry. View at www.dti.gov.uk. | ||
| 650 | _aBUILDING INDUSTRY | ||
| 650 | _aCONSTRUCTION INDUSTRY | ||
| 650 | _aCONSTRUCTION STATISTICS | ||
| 650 | _aSTATE OF THE CONSTRUCTION INDUSTRY | ||
| 690 | _aBUILT ENVIRONMENT | ||
| 710 |
_aConstruction Industry Board _92991 |
||
| 710 |
_aDepartment for Environment, Transport and the Regions _94203 |
||
| 856 |
_uhttps://webarchive.nationalarchives.gov.uk/+/http://www.dti.gov.uk/construction/stats/soi/sir8.htm _vView the report on the DTI website... |
||
| 942 | _n0 | ||
| 999 |
_c102822 _d102822 |
||